Matematika požiadavky na prijímacie skúšky na EU v Bratislave

Gespeichert in:
Bibliographische Detailangaben
1. Verfasser: Fecenko, Jozef
Körperschaft: Ekonomická univerzita v Bratislave. Fakulta hospodárskej informatiky
Weitere Verfasser: Ondrejková Krčová, Ingrid, 1969-, Mucha, Vladimír, 1976-, Šoltésová, Tatiana, 1975-, Bilíková, Mária, 1951-, Buša, Ján
Format: Buch
Sprache:Slowakisch
Veröffentlicht: Bratislava Vydavateľstvo EKONÓM 2015
Ausgabe:1. vyd.
Schlagworte:
Tags: Tag hinzufügen
Keine Tags, Fügen Sie das erste Tag hinzu!

MARC

LEADER 00000nam a2200000 4500
001 0209791
005 20240502073506.2
020 |a 978-80-225-4152-7 
041 0 |a slo 
044 |a SK 
245 1 0 |a Matematika  |b požiadavky na prijímacie skúšky na EU v Bratislave  |c Jozef Fecenko, Ingrid Ondrejková Krčová, Vladimír Mucha, Tatiana Šoltésová ; recenzenti: Mária Bilíková, Ján Buša 
250 |a 1. vyd. 
264 1 |a Bratislava  |b Vydavateľstvo EKONÓM  |c 2015 
300 |a 287 s. [18,24 AH] 
610 2 0 |a matematika 
610 2 0 |a funkcie matematické 
610 2 0 |a rovnice lineárne 
610 2 0 |a kombinatorika 
610 2 0 |a pravdepodobnosť 
100 1 |a Fecenko, Jozef 
700 1 |a Ondrejková Krčová, Ingrid, 1969- 
700 1 |a Mucha, Vladimír, 1976- 
700 1 |a Šoltésová, Tatiana, 1975- 
700 1 |a Bilíková, Mária, 1951- 
700 1 |a Buša, Ján 
710 2 |a Ekonomická univerzita v Bratislave. Fakulta hospodárskej informatiky